| 000 | 00386nam a2200157Ia 4500 | ||
|---|---|---|---|
| 003 | Ost | ||
| 005 | 20260225132558.0 | ||
| 008 | 260225s9999||||xx |||||||||||||| ||und|| | ||
| 040 | _cfsic | ||
| 041 | _afre | ||
| 082 | _a302.23 | ||
| 100 |
_akaren moris _eAuteur |
||
| 245 | 0 | _amédias et gouvernance d'entreprise. l'influence de la presse / | |
| 245 | 0 | _ckaren moris | |
| 942 | _cكتاب | ||
| 999 |
_c34558 _d34558 |
||